Acta scaenographica umělecko-technický divadelní sborník a informační zprávy Scénografické laboratoře

Bibliographic Details
New Title:Interscaena
Previous Title:Informační zprávy o činnosti scénografické laboratoře při DILIA v Praze
Format: Journal
Language:Czech
PhysicalDescription:11 zv. 35 cm
Published: Praha Scénografický ústav 1960-1971
ISSN:2336-6389
0322-757X
Subjects:

MARC

LEADER 00000cas a2200000 a 4500
001 vtls008883175
003 SK-MaSNL
005 20260228162120.0
008 020917d19601971xr mr p r 0 0 b0czeoc
035 |a (SVKBB03)vtls000128248 
040 |a SVKBB  |b slo  |c SVKBB  |d SNK  |e AACR2 
041 0 |a cze 
044 |a xr  |c CZ 
072 7 |a 792  |x Divadlo. Divadelné predstavenia  |2 konspekt 
080 |a 792.021  |2 2011 
080 |a 792  |2 2011 
080 |a 050  |2 2011 
080 |a (082)  |2 2011 
245 0 0 |a Acta scaenographica  |b umělecko-technický divadelní sborník a informační zprávy Scénografické laboratoře 
246 3 |a Umělecko-technický divadelní sborník a informační zprávy Scénografického ústavu v Praze 
260 |a Praha  |b Scénografický ústav  |c 1960-1971 
300 |a 11 zv.  |c 35 cm 
310 |a 1x mesačne 
362 0 |a Roč. 1 (1960-1961)-roč. 11 (1970-1971) 
500 |a Podnázov neskôr: Umělecko-technický divadelní časopis Scénografického ústavu v Praze 
650 0 7 |a scénografia  |2 SNKPH  |9 3339 
650 0 7 |a divadlo  |2 SNKPH  |9 3335 
655 7 |a zborníky  |2 SNKPH  |9 70165 
780 0 0 |t Informační zprávy o činnosti scénografické laboratoře při DILIA v Praze  |x 2336-6389 
785 0 0 |t Interscaena  |x 0322-757X 
787 0 |t Interscena  |x 1803-1013 
910 |a snk 
999 |c 6849  |d 8779 
952 |0 0  |1 1  |4 0  |7 0  |a SNK  |b SNK  |d 2000-02-16  |l 0  |o snkČB 2900/58/1960-1961  |p 17A0227254  |r 2005-01-02 00:00:00  |w 2026-02-21  |y PREZ 
952 |0 0  |1 1  |4 0  |7 0  |a SNK  |b SNK  |d 2001-04-06  |l 0  |o snkČB 2900/10/1969-1970  |p 17A0297012  |r 2005-01-02 00:00:00  |t č. 1-10  |w 2026-02-21  |y PREZ 
952 |0 0  |1 1  |4 0  |7 0  |a SNK  |b SNK  |d 2001-04-06  |l 0  |o snkČB 2900/6/1965-1966  |p 17A0297014  |r 2005-01-02 00:00:00  |t č. 1-12  |w 2026-02-21  |y PREZ 
952 |0 0  |1 1  |4 0  |7 0  |a SNK  |b SNK  |d 2001-04-06  |l 0  |o snkČB 2900/66/1962-1963  |p 17A0297005  |r 2005-01-02 00:00:00  |w 2026-02-21  |y PREZ 
952 |0 0  |1 1  |4 0  |7 0  |a SNK  |b SNK  |d 2001-04-06  |l 0  |o snkČB 2900/4/1963-1964  |p 17A0297006  |r 2005-01-02 00:00:00  |t č. 1-12  |w 2026-02-21  |y PREZ 
952 |0 0  |1 1  |4 0  |7 0  |a SNK  |b SNK  |d 2001-04-06  |l 0  |o snkČB 2900/7/1966-1967  |p 17A0297029  |r 2005-01-02 00:00:00  |t č. 1-12  |w 2026-02-21  |y PREZ 
952 |0 0  |1 1  |4 0  |7 0  |a SNK  |b SNK  |d 2001-04-06  |l 0  |o snkČB 2900/8/1967-1968  |p 17A0297015  |r 2005-01-02 00:00:00  |t č. 1-12  |w 2026-02-21  |y PREZ 
952 |0 0  |1 1  |4 0  |7 0  |a SNK  |b SNK  |d 2001-04-06  |l 0  |o snkČB 2900/9/1968-1969  |p 17A0297016  |r 2005-01-02 00:00:00  |t č. 1-12  |w 2026-02-21  |y PREZ 
952 |0 0  |1 1  |4 0  |7 0  |a SNK  |b SNK  |d 2001-04-06  |l 0  |o snkČB 2900/11/1970-1971  |p 17A0297013  |r 2005-01-02 00:00:00  |t č. 1-6  |w 2026-02-21  |y PREZ